000 00601nam a22002057a 4500
003 LK-CoDNM
005 20241021112637.0
008 241021b |||||||| |||| 00| 0 eng d
040 _aLK-CoDNM
_dLK-CoDNM
_eLK-CoDNM
041 _asin
080 _aප්‍ර.බ
_b31
100 _aUnknown
245 _aබෞඬ රාජ්‍යය 1 වෙළුම 1 කලාපය 1954
260 _aකොළඹ
_c1954
300 _a24p ; 24cm
650 _aප්‍ර.බ 31
650 _aබෞඬ රාජ්‍යය
650 _a 1 වෙළුම 1 කලාපය 1954
942 _cBK
999 _c220398
_d220398